| 000 | 00736nam a22002297a 4500 | ||
|---|---|---|---|
| 999 |
_c5935 _d5935 |
||
| 001 | 20870 | ||
| 003 | BD-DhUAP | ||
| 005 | 20201222153158.0 | ||
| 008 | 201222s2017 ii a bf 001 0 eng c | ||
| 020 | _a9788189401214 | ||
| 040 |
_aUKM _cUKM _dBD-DhUAP _bEng |
||
| 082 | 0 | 0 |
_a690 SIN _223 |
| 100 | _aSingh, Gurcharan. | ||
| 245 | 0 | 0 |
_aBuilding construction and material : _bfor degree, diploma and A. M. I. E. (India) students and practising civil engineers : in SI units / _cGurcharan Singh. |
| 250 | _a16th ed. | ||
| 260 |
_aDelhi : _bStandard book house, _cc2017. |
||
| 300 |
_axvi, 938 pages : _billustrations ; _c24 cm. |
||
| 500 | _aIncludes index. | ||
| 650 | _aBuilding construction. | ||
| 650 | _aBuilding. | ||
| 942 |
_2ddc _cBK |
||